[Event "Oberoesterreich-ch op"]
[Site "Haid/Ansfelden"]
[Date "2018.03.28"]
[Round "6"]
[White "Ebner, Klara"]
[Black "Jitar, Christian"]
[Result "0-1"]
[WhiteElo "1058"]
[BlackElo "1682"]
[PlyCount "108"]
[EventDate "2018.03.23"]
[EventType "swiss"]
[EventRounds "9"]
[EventCountry "AUT"]
[SourceTitle "EXT 2021"]
[Source "ChessBase"]
[SourceDate "2020.10.23"]
[SourceVersion "1"]
[SourceVersionDate "2020.10.23"]
[SourceQuality "1"]

1. e4 c5 2. Nf3 Nc6 3. Bc4 g6 4. Nc3 Bg7 5. d3 e6 6. Be3 b6 7. 0-0 Nge7 8. d4 d5 9. exd5 exd5 10. Be2 c4 11. b3 Be6 12. Bf4 a6 13. Na4 h6 14. c3 g5 15. Be3 f5 16. b4 f4 17. Bc1 Bf5 18. Ne1 Rb8 19. Bh5+ Ng6 20. Qe2+ Qe7 21. Bxg6+ Bxg6 22. Qxe7+ Kxe7 23. Nf3 Kd6 24. h4 Bf6 25. Re1 Rhe8 26. Bd2 Re4 27. Rxe4 dxe4 28. Nh2 Bf5 29. Nb2 b5 30. a4 Ne7 31. axb5 axb5 32. Ra6+ Nc6 33. f3 e3 34. Be1 Rb7 35. g3 Ra7 36. Rxa7 Nxa7 37. Nf1 Nc6 38. Kg2 Ne7 39. Nh2 Nd5 40. g4 Bc2 41. Nf1 Nb6 42. Kg1 Na4 43. Nxc4+ bxc4 44. Kg2 Nb2 45. Kg1 Nd3 46. Nxe3 fxe3 47. Bg3+ Be5 48. Bxe5+ Nxe5 49. dxe5+ Kxe5 50. Kf1 Ba4 51. Kg2 Kf4 52. Kf1 Kg3 53. Ke2 Kf4 54. Ke1 Bc6 0-1